000 00351 a2200169 4500
001 56442
020 _a8532518745
040 _cAnchieta - Pituba
100 _aBraz, Júlio Emílio
240 1 0 _aMegalópolis
_lpor
245 1 0 _aMegalópolis
300 _a100
362 0 _a2006
440 1 _aRocco
650 4 _aLiteratura juvenil
942 _cBK
999 _c56442
_d56442